Hollywood al desnudo / (Record no. 81089)

MARC details
000 -LEADER
campo de control de longitud fija 00461nam a2200169 i 4500
001 - NÚMERO DE CONTROL
campo de control 81089
003 - IDENTIFICADOR DE NÚMERO DE CONTROL
campo de control ES-MaACL
005 - FECHA Y HORA DE LA ÚLTIMA TRANSACCIÓN
campo de control 20230906174352.0
007 - CAMPO FIJO DE DESCRIPCIÓN FÍSICA--INFORMACIÓN GENERAL
campo de control de longitud fija t|
008 - DATOS DE LONGITUD FIJA--INFORMACIÓN GENERAL
campo de control de longitud fija 041102s1968 sp ac |||| | spa d
245 00 - MENCIÓN DEL TÍTULO
Título Hollywood al desnudo /
Mención de responsabilidad, etc. [traducción F. Sesen].
260 ## - PUBLICACIÓN, DISTRIBUCIÓN, ETC.
Lugar de publicación, distribución, etc. Barcelona :
Nombre del editor, distribuidor, etc. Geminis,
Fecha de publicación, distribución, etc. [1968]
300 ## - DESCRIPCIÓN FÍSICA
Extensión 276 p., 12 lám. ;
Dimensiones 21 cm.
650 04 - PUNTO DE ACCESO ADICIONAL DE MATERIA--TÉRMINO DE MATERIA
Término de materia o nombre geográfico como elemento de entrada Actores-
Subdivisión general Biografías.
9 (RLIN) 9593
700 1# - ENTRADA AGREGADA--NOMBRE PERSONAL
Nombre de persona Sesen, F.
9 (RLIN) 105878
852 ## - LOCALIZACIÓN
Ubicación ES-MaACL
Número de control de estantería C-34686
Holdings
Estatus retirado Estado de pérdida Estado de daño No para préstamo Biblioteca de origen Biblioteca actual Ubicación en estantería Fecha de adquisición Fuente de adquisición Total de préstamos Signatura topográfica completa Código de barras Visto por última vez Precio de reemplazo Tipo de ítem Koha
        Biblioteca del Ateneo de Madrid Biblioteca del Ateneo de Madrid Depósito 2 17/01/2008     C-34686 1084767 23/02/2023 23/02/2023 Libro impreso